| 000 | 01299nam0a22002771 4500 | ||
|---|---|---|---|
| 001 | rc\4407357 | ||
| 005 | 20130416152032.6 | ||
| 021 |
_aRU _b[60-56050] |
||
| 035 | _a(NLR Aleph) 008562094 | ||
| 090 |
_a8472064 _c8472064 |
||
| 100 | _a20130416d1960 |||y0rusy50 ca | ||
| 101 | 0 | _arus | |
| 102 | _aRU | ||
| 105 | _ay j ||||| | ||
| 200 | 1 |
_aУстойчивость линейных систем автоматического регулирования _e(Лекции по курсу "Теория автоматич. регулирования") _fПод ред. д-ра техн. наук проф. Н.Ф. Руденко _gМ-во высш. и сред. спец. образования РСФСР. Моск. горный ин-т им. И.В. Сталина |
|
| 210 |
_aМосква _cБ. и. _d1960 |
||
| 215 |
_a38 с. _cграф. _d22 |
||
| 320 | _aБиблиогр. в конце книги (11 назв.) | ||
| 606 |
_aАвтоматические системы регулирования, линейные _xУстойчивость _2psbo |
||
| 700 | 1 |
_aДорошкевич _bА. М. _gАлександр Михайлович |
|
| 702 | 1 |
_aРуденко _bН. Ф. _4340 |
|
| 801 | 0 |
_aRU _bNLR _gpsbo |
|
| 801 | 1 |
_aRU _bELAR _2rusmarc |
|
| 852 |
_aNLR _j60-6/6855 |
||
| 942 | _cBOOK | ||
| 980 | _aNB | ||